Country Quiz: Guyana 🇬🇾 - Statistics

General Stats
  • This quiz has been taken 22 times
  • The average score is 19 of 25
Answer Stats
Hint Answer % Correct
Bordering Oceans Atlantic ocean
100%
Bordering countries Brazil
100%
Language English
100%
Capital Georgetown
100%
Suriname
100%
Venezuela
100%
Main Religion Christianity
93%
Climate Tropical
93%
Between 1814-1960s, Guyana was ruled by this country United Kingdom
93%
Time zones 1
87%
In 1498, this Spanish explorer sighted Guyana Christopher Columbus
87%
National Sport Cricket
87%
Nationality Guyanese
87%
Between 1580-1780s, Guyana was controlled by this country Netherlands
87%
Guyana accounts for roughly 3% of the largest rainforest in the world Amazon rainforest
80%
Currency Dollar
80%
Independence 1966
67%
In 1834, when the country that ruled Guyana abolished slavery, a huge wave of workers from this country arrived in Guyana, and account for a large portion of Guyana to this day India
67%
Disputed area between Guyana and Venezuela, where in 2023, Venezuela even held a referendum where a majority of its citizens voted in favour of an annexation of this disputed region that judicially belongs to Guyana Essequibo
60%
State-Condition Republic
47%
National Animal Jaguar
40%
In 1978, this massacre took place, with more than 900 members collectively committing mass-suicide, after being ordered by their sect leader, Jim Jones, to do so Jonestown massacre
40%
Main export (goods) Oil
40%
Second-Largest City Linden
27%
Founding Father and Most Famous Leader (2002-2007) Cheddi Jagan
7%
No matching quizzes found
Score Distribution
Percent of People with Each Score
Percentile by Number Answered
Your Score History
You have not taken this quiz